The Purple Quiz - Statistics

General Stats
  • This quiz has been taken 27 times
  • The average score is 9 of 12
Answer Stats
Picture Answer % Correct
Cupcake
95%
Flower
95%
Soccer ball
91%
Pencil
86%
Bottle
82%
Grapes
82%
Sky
82%
Book
68%
Bubble
59%
Ornament
55%
Ocean
45%
Plums
32%
No matching quizzes found
Score Distribution
Percent of People with Each Score
Percentile by Number Answered
Your Score History
You have not taken this quiz